00625nam a2200169 a 450000100100000000500170001000800410002702000150006804000130008308200080009610000410010424501430014526000720028830000210036049000370038183000370041800000542220200929151655.0090819s1982 es 001 0 spa d a8400051459 aDO-SdBNP axxx1 aAzaustre Serrano, María del Carmen10aCuadernos bibliográficos :bcanciones y romances populares impresos en Barcelona en el siglo XIX /cMaría del Carmen Azaustre Serrano. aMadrid :bConsejo Superior de Investigaciones Científicas,c1982. a420 p. ;c25 cm.1 aCuadernos Bibliográficos ;v45 0aCuadernos Bibliográficos ;n45